Restoration of endangered species : (Record no. 3327)
[ view plain ]
| 000 -LEADER | |
|---|---|
| fixed length control field | 01896cam a2200373 a 4500 |
| 001 - CONTROL NUMBER | |
| control field | 4416959 |
| 003 - CONTROL NUMBER IDENTIFIER | |
| control field | OSt |
| 005 - DATE AND TIME OF LATEST TRANSACTION | |
| control field | 20160324152546.0 |
| 008 - FIXED-LENGTH DATA ELEMENTS--GENERAL INFORMATION | |
| fixed length control field | 931108s1994 enkab b 101 0 eng |
| 010 ## - LIBRARY OF CONGRESS CONTROL NUMBER | |
| LC control number | 93043593 |
| 020 ## - INTERNATIONAL STANDARD BOOK NUMBER | |
| International Standard Book Number | 0521574226 |
| 035 ## - SYSTEM CONTROL NUMBER | |
| System control number | (DLC) 93043593 |
| 040 ## - CATALOGING SOURCE | |
| Original cataloging agency | DLC |
| Transcribing agency | DLC |
| Modifying agency | DLC |
| -- | WaU |
| -- | DLC |
| 050 00 - LIBRARY OF CONGRESS CALL NUMBER | |
| Classification number | QH541.15.R45 |
| Item number | R55 1994 |
| 082 00 - DEWEY DECIMAL CLASSIFICATION NUMBER | |
| Classification number | 333.9 |
| Edition number | 20 |
| Item number | RES 1994 |
| 245 00 - TITLE STATEMENT | |
| Title | Restoration of endangered species : |
| Remainder of title | conceptual issues, planning, and implementation / |
| Statement of responsibility, etc. | edited by Marlin L. Bowles and Christopher J. Whelan. |
| 260 ## - PUBLICATION, DISTRIBUTION, ETC. (IMPRINT) | |
| Place of publication, distribution, etc. | Cambridge [England] ; |
| -- | New York : |
| Name of publisher, distributor, etc. | Cambridge University Press, |
| Date of publication, distribution, etc. | 1994. |
| 300 ## - PHYSICAL DESCRIPTION | |
| Extent | xiii, 394 p. : |
| Other physical details | ill., maps ; |
| Dimensions | 24 cm. |
| 500 ## - GENERAL NOTE | |
| General note | Papers from a Symposium on Recovery and Restoration of Endangered Plants and Animals organized for the Second Annual Conference of the Society for Ecological Restoration held in Chicago, Ill., 1990. |
| 504 ## - BIBLIOGRAPHY, ETC. NOTE | |
| Bibliography, etc | Includes bibliographical references and indexes. |
| 650 #0 - SUBJECT ADDED ENTRY--TOPICAL TERM | |
| Topical term or geographic name as entry element | Wildlife recovery |
| Form subdivision | Congresses. |
| 9 (RLIN) | 7450 |
| 650 #0 - SUBJECT ADDED ENTRY--TOPICAL TERM | |
| Topical term or geographic name as entry element | Endangered species |
| Form subdivision | Congresses. |
| 9 (RLIN) | 7451 |
| 650 #0 - SUBJECT ADDED ENTRY--TOPICAL TERM | |
| Topical term or geographic name as entry element | Restoration ecology |
| Form subdivision | Congresses. |
| 9 (RLIN) | 7452 |
| 650 #0 - SUBJECT ADDED ENTRY--TOPICAL TERM | |
| Topical term or geographic name as entry element | Nature conservation |
| General subdivision | Congresses. |
| 9 (RLIN) | 7453 |
| 700 1# - ADDED ENTRY--PERSONAL NAME | |
| Personal name | Bowles, Martin L. |
| 9 (RLIN) | 7454 |
| 700 1# - ADDED ENTRY--PERSONAL NAME | |
| Personal name | Whelan, Christopher J. |
| Fuller form of name | (Christopher John), |
| Dates associated with a name | 1958- |
| 9 (RLIN) | 7455 |
| 710 2# - ADDED ENTRY--CORPORATE NAME | |
| Corporate name or jurisdiction name as entry element | Society for Ecological Restoration. |
| Subordinate unit | Conference |
| Number of part/section/meeting | (2nd : |
| Date of meeting or treaty signing | 1990 : |
| Location of meeting | Chicago, Ill.) |
| 9 (RLIN) | 7456 |
| 711 2# - ADDED ENTRY--MEETING NAME | |
| Meeting name or jurisdiction name as entry element | Symposium on the Recovery and Restoration of Endangered Plants and Animals |
| Date of meeting | (1990 : |
| Location of meeting | Chicago, Ill.) |
| 9 (RLIN) | 7457 |
| 856 42 - ELECTRONIC LOCATION AND ACCESS | |
| Materials specified | Publisher description |
| Uniform Resource Identifier | http://www.loc.gov/catdir/description/cam026/93043593.html |
| 856 41 - ELECTRONIC LOCATION AND ACCESS | |
| Materials specified | Table of contents |
| Uniform Resource Identifier | http://www.loc.gov/catdir/toc/cam026/93043593.html |
| 906 ## - LOCAL DATA ELEMENT F, LDF (RLIN) | |
| a | 7 |
| b | cbc |
| c | orignew |
| d | 1 |
| e | ocip |
| f | 19 |
| g | y-gencatlg |
| 942 ## - ADDED ENTRY ELEMENTS (KOHA) | |
| Source of classification or shelving scheme | Dewey Decimal Classification |
| Koha item type | Short Loan |
| Withdrawn status | Lost status | Source of classification or shelving scheme | Damaged status | Not for loan | Home library | Current library | Date acquired | Inventory number | Total Checkouts | Full call number | Barcode | Date last seen | Price effective from | Koha item type |
|---|---|---|---|---|---|---|---|---|---|---|---|---|---|---|
| Dewey Decimal Classification | MUST Main Library | MUST Main Library | 24/03/2016 | 2000/13526 | 333.9 RES 1994 | 2016-0530 | 24/03/2016 | 24/03/2016 | Short Loan |
